Miraculum: Zgadnij kto to! - Statystyki

Ogólne statystyki
  • Ten quiz został rozwiązany 806 razy
  • Średni wynik to 9 z 13
Statystyki odpowiedzi
Opis Postać % Poprawnych
Ten typ w którym kocha się typiara z pierwszego XDD Adrien Agreste
96%
Niezdarna uczennica kochająca się w bogatym typie XDD Marinette Dupain-Cheng
93%
Kwami Biedronki Tikki
87%
Główny Czarny Charakter Władca Ciem
85%
Czarny motylek Akuma
84%
Córka Burmistrza Chloé Bourgeois
82%
Tata Adriena Gabriel Agreste
79%
Jej siostry zostały zamienione w Sapotiki Alya Césaire
77%
Kwami Czarnego Kota Plagg
71%
Kwami Pszczoły Pollen
55%
Kwami Lisa Trixx
55%
Kwami Żółwia Wayzz
42%
Została Zamieniona w pająka Anansi
30%
Nie znaleziono quizów pasujących do podanych kryteriów
Rozkład punktacji
Procent ludzi z każdym wynikiem
Percentyl według liczby udzielonych odpowiedzi
Twoja historia wyników
Nie rozwiązałeś tego quizu